Skúšanie mechanických vlastností oceľových drôtov

Guardado en:
Detalles Bibliográficos
Autor principal: Sobota, Vilam (Autor)
Otros Autores: Lišková, Jana, 1984- (Orientador)
Formato: Manuscrito Libro
Lenguaje:eslovaco
Publicado: Trnava : STU v Bratislave MTF UVTE KT, 2010
Materias:
Acceso en línea:VAIS
Etiquetas: Agregar Etiqueta
Sin Etiquetas, Sea el primero en etiquetar este registro!

MARC

LEADER 00000ntm a22000003a 4500
001 stu217860
005 20160719160404.4
008 101130s2010----xo------------------slo-d
040 |a STU  |b slo 
041 0 |a slo 
044 |a xo 
100 1 |a Sobota, Vilam  |4 aut  |X 37907  |7 A000037907 
242 0 0 |a Skušanie mechanických vlastností oceľových drôtov  |y eng 
245 1 |a Skúšanie mechanických vlastností oceľových drôtov 
260 |a Trnava :  |b STU v Bratislave MTF UVTE KT,  |c 2010 
650 7 |a výrobné technológie  |2 stusub 
650 7 |a Manufacturing Technologies  |2 estusub 
650 7 |a valcovaný drôt  |2 stusub 
650 7 |a ťahaný drôt  |2 stusub 
700 1 |a Lišková, Jana,  |d 1984-  |4 ths  |u M3000  |U MTF Materiálovotechnologická fakulta  |T MTF Ústav výrobných technológií  |X 28447  |U M3000  |Y 83  |7 A000028447 
856 4 |a info a plný text  |u http://is.stuba.sk/zp/portal_zp.pl?podrobnosti=27079  |3 VAIS 
996 |c M*BP-4800  |l MMSKP  |s P  |a 0  |w stu217860_0001